000
00315 a2200121 4500
000
nam a22 7a 4500
005
20260203155451.0
020
_a
9789348409607
100
_a
Karmendu Shishir
_9
1113452
245
_a
1857 Ki Rajkranti (Na Bhulne Wali Dastan)
260
_b
Ananya Prakashan
_c
2025
942
_c
TEXL
999
_c
1678594
_d
1678594